| 000 | 01241nam a2200301 a 4500 | ||
|---|---|---|---|
| 001 | BRL_1187 | ||
| 005 | 20190320211056.0 | ||
| 008 | 221113s1975----u--ab#####---#000-0#eng-# | ||
| 020 | _a0913938167 | ||
| 041 | _aeng | ||
| 044 | _au | ||
| 050 | 4 |
_aF1219.1.B3 _b.C76 1975 |
|
| 100 | 1 |
_aCrosby, Harry _d1926- _926050 |
|
| 245 | 1 | 0 |
_aThe cave paintings of Baja California _bthe great murals of an unknown people _cwritten and photographed by Harry Crosby ; other illustrations by Joanne Haskell Crosby ; commissioned by Helen K. Copley ; edited by Richard F. Pourade |
| 260 |
_aUnited States of America _bCopley Books _c1975 |
||
| 300 |
_aix, 174 p. _bil. (algunas a color), mapas _c29 cm. |
||
| 500 | _aAu1346 | ||
| 504 | _aBibliografía: p. 170-171 | ||
| 650 | 1 | 4 |
_aIndígenas de México _xAntigüedades _zBaja California (Peninsula) _926051 |
| 650 | 1 | 4 |
_aPintura rupestre _xAntigüedades _zBaja California (Peninsula) _926052 |
| 650 | 1 | 4 |
_aPetroglifos _xAntigüedades _zBaja California (Peninsula) _926053 |
| 651 | 4 |
_aBaja California (Peninsula) _xAntigüedades _926054 |
|
| 700 | 1 |
_aHaskell Crosby, Joanne _eil. _926055 |
|
| 700 | 1 |
_aCopley, Helen K. _926056 |
|
| 700 | 1 |
_aPourade, Richard F. _eed. _926057 |
|
| 902 | _aGRL | ||
| 942 |
_2lcc _cB |
||
| 999 |
_c9999 _d9999 |
||